Statistiques concernant Pays d'Asie en une minute

Cliquez ici pour prendre le quiz!

Statistiques générales

  • Ce quiz a été pris 38,146 fois
  • Le résultat moyen est 21 sur 48

Statistiques - réponses

Pays % Correct
Chine
96%
Inde
91%
Japon
84%
Mongolie
77%
Iran
65%
Indonésie
65%
Corée du Sud
63%
Corée du Nord
62%
Irak
62%
Turquie
61%
Viêt Nam
58%
Thaïlande
58%
Laos
57%
Arabie Saoudite
56%
Yémen
55%
Népal
54%
Pakistan
53%
Oman
53%
Kazakhstan
49%
Cambodge
47%
Malaisie
42%
Sri Lanka
41%
Philippines
41%
Syrie
40%
Birmanie
40%
Israël
40%
Qatar
37%
Émirats arabes unis
37%
Afghanistan
37%
Bhoutan
37%
Liban
34%
Jordanie
33%
Taïwan
33%
Bangladesh
32%
Ouzbékistan
29%
Koweït
27%
Arménie
26%
Turkménistan
25%
Géorgie
25%
Singapour
24%
Azerbaïdjan
22%
Tadjikistan
21%
Bahreïn
20%
Brunei
20%
Chypre
18%
Kirghizistan
18%
Maldives
13%
Timor oriental
12%

Distribution des résultats

Percentile by Number Answered

% des personnes avec chaque résultat

Votre développement - résultats

Vous n’avez pas pris ce quiz